[Event "International Championship of Central S"]
[Site "Paracin"]
[Date "2014.07.10"]
[Round "8.23"]
[White "Sarenac, David"]
[Black "Ketzetzis, Georgios"]
[Result "0-1"]
[WhiteElo "2304"]
[BlackElo "2225"]
[PlyCount "98"]
[EventDate "2014.07.04"]

1. e4 e6 2. d4 d5 3. Nc3 Bb4 4. e5 c5 5. a3 Bxc3+ 6. bxc3 Qa5 7. Bd2 Qa4 8. Qb1
c4 9. Nf3 Nc6 10. Ng5 Nge7 11. Be2 Bd7 12. O-O h6 13. Nh3 O-O-O 14. Nf4 g6 15.
Qb2 Kb8 16. Rae1 Ka8 17. Bf3 Rc8 18. g3 Rc7 19. h4 Nf5 20. Kg2 a6 21. Rh1 Na7
22. g4 Ne7 23. Ra1 Nb5 24. Ne2 Nc8 25. Rhb1 Ne7 26. Qc1 h5 27. gxh5 Nf5 28. Bg5
gxh5 29. Bf6 Rh6 30. Rb4 Qa5 31. Bd8 Rg6+ 32. Kh3 Rg8 33. Bxc7 Qxc7 34. Rab1 f6
35. Qf4 fxe5 36. dxe5 Qc5 37. Bxh5 Rh8 38. Ng3 Nxc3 39. Nxf5 exf5 40. Rf1 Rxh5
41. Qf3 f4+ 42. Kg2 Rxh4 43. Qxc3 Qc8 44. Rh1 Qg8+ 45. Qg3 Rg4 46. Qxg4 Qxg4+
47. Kf1 Qd1+ 48. Kg2 f3+ 49. Kh2 Qd4 0-1

[Event "International Championship of Central S"]
[Site "Paracin"]
[Date "2014.07.10"]
[Round "8.24"]
[White "Radovanovic, Nikola"]
[Black "Popovic, Djordje D"]
[Result "1-0"]
[WhiteElo "2303"]
[BlackElo "2208"]
[PlyCount "61"]
[EventDate "2014.07.04"]

1. e4 c5 2. Nf3 d6 3. d4 cxd4 4. Nxd4 Nf6 5. Nc3 a6 6. h3 e6 7. g4 d5 8. exd5
Nxd5 9. Nde2 Bb4 10. Bg2 O-O 11. O-O Nxc3 12. Nxc3 Qc7 13. Ne4 Rd8 14. Qe2 Nc6
15. Be3 e5 16. c3 Be7 17. f4 exf4 18. Bxf4 Qa5 19. b4 Qa3 20. Bc7 Rf8 21. g5
Be6 22. Qh5 Kh8 23. Rad1 Rg8 24. Rf2 Rac8 25. Bg3 Rcd8 26. Rdf1 Bc4 27. Re1 Bd5
28. Kh2 Rge8 29. Nf6 gxf6 30. gxf6 Bxg2 31. fxe7 1-0

[Event "International Championship of Central S"]
[Site "Paracin"]
[Date "2014.07.10"]
[Round "8.25"]
[White "Svicevic, Rastko"]
[Black "Drogovoz, Irina"]
[Result "0-1"]
[WhiteElo "2300"]
[BlackElo "2073"]
[PlyCount "114"]
[EventDate "2014.07.04"]

1. e4 c5 2. a3 e6 3. b4 d5 4. exd5 exd5 5. Nf3 Nf6 6. Bb5+ Bd7 7. Bxd7+ Nbxd7
8. O-O Be7 9. d4 cxb4 10. axb4 Bxb4 11. Qe2+ Kf8 12. Qd3 h6 13. Ne5 Qc7 14. Bf4
Bd6 15. Re1 a6 16. Qg3 Bxe5 17. dxe5 Nh5 18. e6 Qxf4 19. Qa3+ Kg8 20. exd7 Qf5
21. Qe7 Kh7 22. Re5 Qf6 23. Nc3 Qxe7 24. Rxe7 Nf6 25. Na4 Rad8 26. Nb6 Rhf8 27.
Rae1 Ng8 28. Re8 Nf6 29. Rxf8 Rxf8 30. Re7 Rd8 31. Rxf7 Kg8 32. Re7 Kf8 33. Re5
Nxd7 34. Rxd5 Ke7 35. Nxd7 Rxd7 36. Re5+ Kf6 37. Re1 Rd2 38. Rc1 Ke5 39. Kf1
Kd4 40. Ke1 Kc3 41. Rb1 Rd7 42. f4 Kxc2 43. Rb6 Kc3 44. f5 Rf7 45. g4 Kc4 46.
h4 Kc5 47. Rg6 a5 48. f6 Rxf6 49. Rxg7 b5 50. g5 hxg5 51. Rxg5+ Kb4 52. Rg4+
Ka3 53. Rg3+ Ka4 54. Kd2 Rf2+ 55. Kc1 Rh2 56. Rg4+ b4 57. Kb1 Ka3 0-1

[Event "International Championship of Central S"]
[Site "Paracin"]
[Date "2014.07.10"]
[Round "8.26"]
[White "Dimic, Pavle"]
[Black "Jovanovic, Bojan P"]
[Result "1/2-1/2"]
[WhiteElo "2261"]
[BlackElo "2307"]
[PlyCount "78"]
[EventDate "2014.07.04"]

1. d4 g6 2. c4 Bg7 3. Nf3 d6 4. Nc3 c5 5. d5 Bxc3+ 6. bxc3 f5 7. Bf4 Qa5 8. Qc2
Nd7 9. e3 Nb6 10. Nd2 Nf6 11. Bd3 Bd7 12. O-O Ba4 13. Qb2 Qa6 14. Qb1 Nfd7 15.
Re1 Nf6 16. h3 O-O-O 17. Bh2 Rhe8 18. e4 fxe4 19. Nxe4 Nxe4 20. Rxe4 Bd7 21.
Rh4 Rh8 22. Re4 Rhe8 23. Rh4 Rh8 24. Re4 Rde8 25. Qe1 Kd8 26. Qe2 Bf5 27. Rh4
Bxd3 28. Qxd3 Rhf8 29. Re4 Rf5 30. Qe2 Nc8 31. Bg3 g5 32. Re1 Rf7 33. Rg4 Rg8
34. h4 Rfg7 35. hxg5 Rxg5 36. Rh4 R8g7 37. Rf4 Qa4 38. Rb1 Kc7 39. Re4 Qe8
1/2-1/2

[Event "International Championship of Central S"]
[Site "Paracin"]
[Date "2014.07.10"]
[Round "8.27"]
[White "Cvetkovic, Srdjan"]
[Black "Radovic, Janko"]
[Result "1-0"]
[WhiteElo "2325"]
[BlackElo "2150"]
[PlyCount "103"]
[EventDate "2014.07.04"]

1. c4 Nf6 2. Nc3 d5 3. cxd5 Nxd5 4. g3 Nc6 5. Bg2 Nb6 6. b3 e5 7. Nf3 Be7 8.
O-O O-O 9. Bb2 Be6 10. Rc1 Qd7 11. Ne4 f6 12. d4 exd4 13. Nxd4 Bd5 14. e3 Rfd8
15. Qh5 Nxd4 16. Bxd4 c6 17. Rfd1 Ba3 18. Rb1 Qe6 19. Nc5 Qe7 20. Nd3 c5 21.
Bb2 c4 22. Bxa3 Qxa3 23. Nf4 Bxg2 24. Kxg2 Qxa2 25. Rxd8+ Rxd8 26. Rd1 Rc8 27.
Nd5 Qa3 28. b4 Ra8 29. Nxb6 axb6 30. Qd5+ Kf8 31. Qxc4 Qa2 32. Qxa2 Rxa2 33.
Rd6 Ra6 34. b5 Ra7 35. Rxb6 Ke7 36. h4 Kd7 37. h5 Kc7 38. Re6 Kd7 39. Re4 Ra5
40. Rg4 g6 41. hxg6 hxg6 42. Rxg6 Ke6 43. g4 Rxb5 44. f4 Kf7 45. Rh6 Rb1 46.
Rh7+ Ke6 47. Kf3 b5 48. Rb7 b4 49. Ke4 b3 50. Rb6+ Ke7 51. Kf5 b2 52. Rb7+ 1-0

[Event "International Championship of Central S"]
[Site "Paracin"]
[Date "2014.07.10"]
[Round "8.28"]
[White "Dezelin, Milan"]
[Black "Radovic, Luka"]
[Result "1/2-1/2"]
[WhiteElo "2298"]
[BlackElo "2140"]
[PlyCount "35"]
[EventDate "2014.07.04"]

1. Nf3 Nf6 2. b3 g6 3. Bb2 Bg7 4. g3 O-O 5. Bg2 d6 6. d4 Nbd7 7. O-O c6 8. c4
Re8 9. Nc3 e5 10. e4 exd4 11. Nxd4 Nc5 12. Qc2 a5 13. h3 Qc7 14. Rad1 Ne6 15.
Nde2 Nc5 16. Nd4 Ne6 17. Nde2 Nc5 18. Nd4 1/2-1/2

[Event "International Championship of Central S"]
[Site "Paracin"]
[Date "2014.07.10"]
[Round "8.29"]
[White "Tisma, Ivan"]
[Black "Nielsen, Rogvi Egilstoft"]
[Result "1/2-1/2"]
[WhiteElo "2095"]
[BlackElo "2288"]
[PlyCount "45"]
[EventDate "2014.07.04"]

1. Nf3 f5 2. d3 Nf6 3. e4 d6 4. Nc3 e5 5. exf5 Bxf5 6. d4 e4 7. Nh4 Be6 8. Bg5
d5 9. Qe2 c6 10. a3 Nbd7 11. f3 Qa5 12. O-O-O O-O-O 13. Kb1 Re8 14. fxe4 Nxe4
15. Nxe4 dxe4 16. Qd2 Qxd2 17. Bxd2 g6 18. Be2 Bg7 19. c4 Rhf8 20. Bc3 Bf6 21.
g3 Bxh4 22. gxh4 Nf6 23. Rhg1 1/2-1/2

[Event "International Championship of Central S"]
[Site "Paracin"]
[Date "2014.07.10"]
[Round "8.30"]
[White "Davletbayeva, Madina"]
[Black "Djordjevic, Vuk"]
[Result "1-0"]
[WhiteElo "2284"]
[BlackElo "2148"]
[PlyCount "47"]
[EventDate "2014.07.04"]

1. e4 d5 2. exd5 Qxd5 3. Nc3 Qd6 4. d4 Nf6 5. Nf3 a6 6. g3 Bg4 7. Bg2 Nc6 8.
O-O O-O-O 9. d5 Nb4 10. Bf4 Qc5 11. Be3 Qd6 12. Qe2 e5 13. Bg5 Be7 14. Rad1
Nbxd5 15. h3 Nxc3 16. bxc3 Bxf3 17. Bxf3 Qc5 18. Rb1 c6 19. Be3 Qd6 20. Rb3 e4
21. Bg2 Rd7 22. Bf4 Qc5 23. Qxa6 Qa3 24. Qxa3 1-0

[Event "International Championship of Central S"]
[Site "Paracin"]
[Date "2014.07.10"]
[Round "8.31"]
[White "Djordjevic, Gradimir"]
[Black "Pecurica, Milos"]
[Result "0-1"]
[WhiteElo "2160"]
[BlackElo "2192"]
[PlyCount "87"]
[EventDate "2014.07.04"]

1. c4 c5 2. g3 Nc6 3. Bg2 g6 4. Nc3 Bg7 5. e3 e6 6. Nge2 Nge7 7. O-O O-O 8. Nf4
a6 9. Rb1 Rb8 10. a4 d6 11. b3 b6 12. Bb2 Bb7 13. Nce2 e5 14. Nd5 Nxd5 15. Bxd5
Nb4 16. Bxb7 Rxb7 17. d4 Rd7 18. d5 f5 19. Bc3 a5 20. Qd2 g5 21. f3 Qe8 22. Kg2
Qg6 23. f4 gxf4 24. exf4 e4 25. Bxb4 axb4 26. Qe3 Bf6 27. Rfd1 h5 28. Rg1 Rh7
29. Kh1 Rff7 30. Kg2 Rfg7 31. Kf2 Qg4 32. h4 Rg6 33. Rbd1 Rhg7 34. Rh1 Bd4 35.
Rxd4 cxd4 36. Nxd4 Qxg3+ 37. Qxg3 Rxg3 38. Rh2 Rd3 39. Nxf5 Rd2+ 40. Ke3 Rxh2
41. Kxe4 Rd7 42. Nd4 Rxh4 43. Kf5 Rf7+ 44. Ke6 0-1

[Event "International Championship of Central S"]
[Site "Paracin"]
[Date "2014.07.10"]
[Round "8.32"]
[White "Persson, Richard"]
[Black "Mrsic, Robert"]
[Result "1-0"]
[WhiteElo "2192"]
[BlackElo "2134"]
[PlyCount "85"]
[EventDate "2014.07.04"]

1. e4 e6 2. d4 d5 3. Nc3 Nf6 4. Bg5 Be7 5. e5 Nfd7 6. h4 a6 7. Qg4 Kf8 8. f4 c5
9. O-O-O cxd4 10. Nce2 Nc6 11. Nf3 d3 12. Ned4 dxc2 13. Nxc2 Nc5 14. h5 h6 15.
Bh4 Bd7 16. Kb1 b5 17. Ncd4 Nxd4 18. Bxe7+ Qxe7 19. Nxd4 b4 20. Bd3 Nxd3 21.
Rxd3 Rc8 22. Qf3 Kg8 23. Rd2 Rc4 24. g4 Qc5 25. Qe3 Kh7 26. Qd3+ g6 27. hxg6+
fxg6 28. f5 Rxd4 29. fxg6+ Kg7 30. Qxd4 Qxd4 31. Rxd4 a5 32. Rf4 Be8 33. Kc2 h5
34. gxh5 Rxh5 35. Rxh5 Bxg6+ 36. Kb3 Bxh5 37. Ka4 Bd1+ 38. b3 Kg6 39. Kxa5 Kg5
40. Rf6 Bg4 41. Kxb4 Bf5 42. Kc5 Kf4 43. Kd4 1-0

[Event "International Championship of Central S"]
[Site "Paracin"]
[Date "2014.07.10"]
[Round "8.33"]
[White "Djokic, Nebojsa"]
[Black "Mazet, Julien"]
[Result "1-0"]
[WhiteElo "2186"]
[BlackElo "2083"]
[PlyCount "162"]
[EventDate "2014.07.04"]

1. e4 c5 2. Nf3 Nc6 3. d4 cxd4 4. Nxd4 Qb6 5. Nb3 Nf6 6. Nc3 e6 7. Bd3 Be7 8.
Be3 Qc7 9. f4 d6 10. g4 a6 11. g5 Nd7 12. Qh5 g6 13. Qh6 Bf8 14. Qh4 b5 15. O-O
Bb7 16. a4 b4 17. Ne2 Bg7 18. Ned4 Nxd4 19. Bxd4 Bxd4+ 20. Nxd4 Qc5 21. Qf2 O-O
22. Nb3 Qxf2+ 23. Kxf2 d5 24. e5 Rfc8 25. Nd4 Nc5 26. Ke3 Bc6 27. b3 Bd7 28.
Rf3 Rc7 29. Rh1 Rac8 30. h4 Nxd3 31. cxd3 Rc1 32. Rff1 Rxf1 33. Rxf1 h5 34. Ne2
Rc2 35. Rc1 Rb2 36. Rc7 Be8 37. Nd4 Rh2 38. Ra7 Rxh4 39. Rxa6 Rh1 40. Ra8 Kf8
41. Nb5 Ke7 42. Ra7+ Bd7 43. Nd4 Rc1 44. Kd2 Rc5 45. Rb7 Kd8 46. Rxb4 Kc7 47.
Nf3 Be8 48. d4 Ra5 49. Ne1 Bc6 50. Ke3 Ra8 51. Nd3 Ra5 52. Kf2 Ra8 53. Nc5 Ra7
54. Kg3 Ra8 55. Kh4 Ra7 56. Nd3 Ra8 57. Nc1 Ra7 58. Ne2 Ra8 59. Ng3 Re8 60. Ne2
Ra8 61. Nc3 Ra5 62. Kg3 Bd7 63. Kh4 Bc6 64. Ne2 Ra8 65. Ng3 Re8 66. f5 exf5 67.
Ne2 Bd7 68. Nf4 Be6 69. Rb5 Kc6 70. Rc5+ Kb7 71. a5 Ka6 72. b4 Rb8 73. Nxe6
fxe6 74. Rc6+ Ka7 75. Rxe6 Rxb4 76. Rxg6 Rxd4+ 77. Kxh5 Re4 78. Re6 d4 79. g6
d3 80. Rd6 Rxe5 81. g7 Re8 1-0

[Event "International Championship of Central S"]
[Site "Paracin"]
[Date "2014.07.10"]
[Round "8.34"]
[White "Yordanov, Nikolay"]
[Black "Mulenko, Alexander"]
[Result "1-0"]
[WhiteElo "2177"]
[BlackElo "2000"]
[PlyCount "69"]
[EventDate "2014.07.04"]

1. d4 Nf6 2. g3 g6 3. Bg2 Bg7 4. e4 d6 5. Ne2 O-O 6. O-O e5 7. c3 Re8 8. Qc2 c6
9. Rd1 Qe7 10. dxe5 dxe5 11. b3 Rd8 12. Ba3 Rxd1+ 13. Qxd1 Qd7 14. Nd2 Ne8 15.
Nc4 Na6 16. Qc2 Qc7 17. Ne3 Be6 18. Nc1 Rd8 19. Bf1 Nb8 20. Bc4 Bxc4 21. Nxc4
b5 22. Ne3 Bh6 23. Ng4 Bg7 24. Nd3 h5 25. Ne3 Bh6 26. c4 Bxe3 27. fxe3 f6 28.
Rd1 a5 29. cxb5 Qb6 30. bxc6 Qxc6 31. Nc5 Rxd1+ 32. Qxd1 Qd6 33. Qd5+ Qxd5 34.
exd5 Nd6 35. Bb2 1-0

[Event "International Championship of Central S"]
[Site "Paracin"]
[Date "2014.07.10"]
[Round "8.35"]
[White "Strebkovs, Andrejs"]
[Black "Visanescu, Daria-Ioana"]
[Result "0-1"]
[WhiteElo "2357"]
[BlackElo "2090"]
[PlyCount "91"]
[EventDate "2014.07.04"]

1. Nf3 g6 2. g3 Bg7 3. d4 Nf6 4. Bg2 d6 5. O-O O-O 6. c4 Nc6 7. Nc3 a6 8. e3
Rb8 9. Qe2 e5 10. d5 Ne7 11. e4 Ne8 12. Ne1 f5 13. Nd3 Nf6 14. f3 h6 15. c5
fxe4 16. fxe4 Bg4 17. Qc2 b6 18. b4 g5 19. Be3 Bh5 20. h3 Bg6 21. Qd2 Kh7 22.
Kh2 a5 23. a3 bxc5 24. bxc5 Rb3 25. c6 Qa8 26. Nc1 Rxc3 27. Rxf6 Rxf6 28. Qxc3
Bh5 29. Rb1 Qe8 30. Rb7 Bf3 31. Rxc7 g4 32. hxg4 Bxg4 33. Ra7 Qf7 34. c7 Qh5+
35. Kg1 Bh3 36. Bxh3 Qxh3 37. Bf2 h5 38. Ne2 Nc8 39. Rb7 Bh6 40. Rb3 Qg4 41.
Qd3 h4 42. Nc3 h3 43. Rb2 Rf3 44. Qe2 Be3 45. Qd1 Bxf2+ 46. Kh1 0-1

[Event "International Championship of Central S"]
[Site "Paracin"]
[Date "2014.07.10"]
[Round "8.36"]
[White "Bernard, Jacques"]
[Black "Radovic, Stefan"]
[Result "1/2-1/2"]
[WhiteElo "2198"]
[BlackElo "2072"]
[PlyCount "128"]
[EventDate "2014.07.04"]

1. e4 c5 2. Nf3 g6 3. c4 Nc6 4. d4 cxd4 5. Nxd4 Nf6 6. Nc3 Nxd4 7. Qxd4 d6 8.
f3 Bg7 9. Be3 O-O 10. Qd2 a6 11. Be2 Be6 12. Rc1 Qa5 13. O-O Rfc8 14. b3 Nd7
15. f4 Nc5 16. Bf3 Rab8 17. Bd4 Bxd4+ 18. Qxd4 Nd7 19. f5 gxf5 20. exf5 Bxf5
21. Bg4 e6 22. Bxf5 exf5 23. Qxd6 Qc5+ 24. Qxc5 Rxc5 25. Rcd1 Nf6 26. Rd6 Ne4
27. Rd5 Rxd5 28. Nxd5 b5 29. cxb5 axb5 30. Ne7+ Kf8 31. Nxf5 Ra8 32. Rc1 f6 33.
Rc2 b4 34. Rc4 Nd2 35. Rxb4 Rxa2 36. Rb5 Rb2 37. Nd4 Kf7 38. h4 Ne4 39. Rb6 Nc3
40. Kh2 Ne2 41. Nxe2 Rxe2 42. Rc6 Rb2 43. Rc3 h5 44. Kg3 Kg6 45. Kf3 Kf5 46. g3
Rb1 47. Ke3 Kg4 48. Kd4 f5 49. Ke5 Rb2 50. Rd3 Rb1 51. Rc3 Rb2 52. Kf6 Rb1 53.
Kg6 Rb2 54. Rd3 Rb1 55. Kf6 Rb2 56. Ke5 Rb1 57. Kd5 Rb2 58. Rc3 Rb1 59. Kc5 f4
60. gxf4 Kxh4 61. b4 Kg4 62. Rc4 h4 63. f5+ Kg5 64. f6 Rf1 1/2-1/2

[Event "International Championship of Central S"]
[Site "Paracin"]
[Date "2014.07.10"]
[Round "8.37"]
[White "Stefanov, Emil"]
[Black "Tscharotschkin, Michael"]
[Result "1/2-1/2"]
[WhiteElo "2061"]
[BlackElo "2179"]
[PlyCount "84"]
[EventDate "2014.07.04"]

1. d4 d5 2. c4 c6 3. Nf3 Nf6 4. Qc2 g6 5. Bf4 Bg7 6. e3 Bf5 7. Qb3 Qb6 8. Nc3
Na6 9. c5 Qxb3 10. axb3 Nb4 11. Kd2 Ne4+ 12. Nxe4 dxe4 13. Ne5 Nd5 14. Bg3 a6
15. Be2 O-O 16. h3 Rad8 17. Rhd1 Bc8 18. Ke1 f5 19. Bc4 e6 20. Bxd5 exd5 21. f4
exf3 22. Nxf3 Rde8 23. Bf4 h6 24. h4 Kh7 25. Kd2 Bf6 26. g3 Re6 27. Rh1 Kg7 28.
Be5 h5 29. Kc3 Kf7 30. Rhe1 Ke8 31. Rg1 Kd8 32. Ng5 Bxg5 33. hxg5 Kd7 34. Rgf1
Rfe8 35. Bf4 Kd8 36. Kd2 Kd7 37. Rh1 Kd8 38. Kd3 Kd7 39. Rag1 Kd8 40. Rh2 Kd7
41. Kd2 Kd8 42. Rh4 Re4 1/2-1/2

[Event "International Championship of Central S"]
[Site "Paracin"]
[Date "2014.07.10"]
[Round "8.38"]
[White "Lazov, Toni"]
[Black "Todorovic, Nenad I"]
[Result "0-1"]
[WhiteElo "2001"]
[BlackElo "2173"]
[PlyCount "162"]
[EventDate "2014.07.04"]

1. e4 c5 2. Nf3 d6 3. d4 cxd4 4. Nxd4 Nf6 5. Nc3 a6 6. Be3 e5 7. Nb3 Be6 8. h3
Nc6 9. Qd2 b5 10. a3 Rc8 11. f3 Na5 12. Nxa5 Qxa5 13. Be2 b4 14. Na2 Bxa2 15.
axb4 Qa4 16. b3 Qa3 17. c4 Qxb3 18. Kf2 d5 19. cxd5 Rc2 20. Qxc2 Qxc2 21. Rhc1
Qb2 22. Rc8+ Kd7 23. Rac1 Ne8 24. R1c2 Qb1 25. f4 Bd6 26. fxe5 Bxe5 27. Bb6
Qxb4 28. Bg4+ Ke7 29. Bc5+ Qxc5+ 30. R8xc5 Bd4+ 31. Kf3 Bxc5 32. Rxc5 h5 33.
Bxh5 Kd6 34. Rc6+ Ke5 35. Bxf7 Nd6 36. Be6 Nxe4 37. Rxa6 Ng5+ 38. Kg4 Nxe6 39.
Rxe6+ Kxd5 40. Re7 g6 41. Re2 Bb1 42. Kg5 Rh5+ 43. Kg4 Be4 44. Ra2 Kd4 45. h4
Ke3 46. Ra3+ Bd3 47. Kg3 Rd5 48. Kg4 Kf2 49. Ra2+ Be2+ 50. Kf4 Rd4+ 51. Kg5
Rg4+ 52. Kf6 Rxg2 53. Ra3 Bh5 54. Ra4 Kf3 55. Ra3+ Kg4 56. Ra4+ Kh3 57. Kg7 Rg4
58. Ra1 Kxh4 59. Kh6 Kg3 60. Ra3+ Kh2 61. Ra2+ Kh3 62. Ra3+ Rg3 63. Ra6 Rf3 64.
Rb6 Kg4 65. Rb4+ Rf4 66. Rb5 Re4 67. Rg5+ Kf4 68. Ra5 Re5 69. Ra4+ Kf5 70. Ra6
Re6 71. Ra5+ Kf6 72. Rg5 Kf7 73. Rg2 Bf3 74. Rf2 Rf6 75. Ra2 Be4 76. Ra7+ Ke6
77. Ra6+ Ke5 78. Ra5+ Kf4 79. Rg5 Re6 80. Rg1 g5+ 81. Kh5 Bf3+ 0-1

[Event "International Championship of Central S"]
[Site "Paracin"]
[Date "2014.07.10"]
[Round "8.39"]
[White "Kuzmanovic, Slobodan"]
[Black "Manelidou, Maria"]
[Result "1/2-1/2"]
[WhiteElo "2120"]
[BlackElo "2071"]
[PlyCount "111"]
[EventDate "2014.07.04"]

1. e4 e5 2. Nf3 Nc6 3. Bb5 a6 4. Bxc6 dxc6 5. d4 exd4 6. Qxd4 Qxd4 7. Nxd4 f6
8. Bf4 Bd6 9. Bxd6 cxd6 10. Nc3 Bd7 11. Na4 Rd8 12. Nb6 Ne7 13. O-O-O Kf7 14.
Rd2 Nc8 15. Nxc8 Bxc8 16. Rhd1 Rhe8 17. f3 Re5 18. c4 h5 19. b3 h4 20. Ne2 f5
21. Nc3 fxe4 22. Nxe4 d5 23. Nc3 Be6 24. cxd5 cxd5 25. Ne2 h3 26. g3 Re3 27.
Nd4 Ke7 28. Rd3 Rxd3 29. Rxd3 Kf6 30. Re3 Bf7 31. Kd2 Rd6 32. Rc3 Rd7 33. Rc8
Bg6 34. b4 Bb1 35. a4 Ba2 36. Rc3 Bc4 37. Re3 Rc7 38. Re6+ Kf7 39. Rb6 Re7 40.
Rd6 Rc7 41. Rb6 Re7 42. g4 g6 43. g5 Ba2 44. Rf6+ Kg7 45. a5 Bb1 46. Ne6+ Kh7
47. Kc3 Bf5 48. Nc5 Re2 49. Rf7+ Kg8 50. Rxb7 Rxh2 51. b5 Rc2+ 52. Kd4 h2 53.
Rb8+ Kg7 54. Rb7+ Kg8 55. Rb8+ Kg7 56. Rb7+ 1/2-1/2

[Event "International Championship of Central S"]
[Site "Paracin"]
[Date "2014.07.10"]
[Round "8.40"]
[White "Drogovoz, Maria"]
[Black "Dodic, Dragan"]
[Result "1-0"]
[WhiteElo "1952"]
[BlackElo "2102"]
[PlyCount "61"]
[EventDate "2014.07.04"]

1. e4 c6 2. Nc3 d5 3. Nf3 Bg4 4. h3 Bh5 5. exd5 cxd5 6. g4 Bg6 7. h4 f6 8. Bb5+
Nc6 9. h5 Bf7 10. d4 e6 11. Qe2 Bb4 12. Bd2 Nge7 13. O-O-O Qc7 14. Bxc6+ Qxc6
15. g5 Nf5 16. h6 Bf8 17. hxg7 Bxg7 18. gxf6 Bxf6 19. Bg5 Bxg5+ 20. Nxg5 h6 21.
Rde1 Ke7 22. Qe5 hxg5 23. Rxh8 Rxh8 24. Qxh8 Qc4 25. Qe5 Nxd4 26. Qxd5 Qxd5 27.
Nxd5+ Kd6 28. Ne3 Nf3 29. Rd1+ Ke5 30. Rd7 Bg6 31. Rxb7 1-0

[Event "International Championship of Central S"]
[Site "Paracin"]
[Date "2014.07.10"]
[Round "8.41"]
[White "Cvetanovic, Uros"]
[Black "Jandric, Damjan"]
[Result "1-0"]
[WhiteElo "2323"]
[BlackElo "2060"]
[PlyCount "95"]
[EventDate "2014.07.04"]

1. d4 Nf6 2. c4 g6 3. Nc3 Bg7 4. e4 d6 5. Be2 O-O 6. Nf3 e5 7. O-O Nc6 8. d5
Ne7 9. Ne1 Nd7 10. Nd3 f5 11. f3 Nf6 12. Be3 f4 13. Bf2 h5 14. Rc1 g5 15. c5
Ne8 16. Qb3 g4 17. cxd6 cxd6 18. Nb5 g3 19. hxg3 fxg3 20. Bxg3 Ng6 21. f4 a6
22. f5 Qg5 23. Nf2 axb5 24. Nh3 Qh6 25. fxg6 Nf6 26. Bh4 Nxe4 27. Qc2 Bxh3 28.
Qxe4 Bf5 29. Qf3 Bxg6 30. Qg3 Be4 31. a3 b4 32. axb4 Bxd5 33. Rcd1 Rxf1+ 34.
Bxf1 Bf7 35. Bd3 d5 36. Bg5 Qe6 37. Be2 e4 38. Rxd5 Qxd5 39. Bf6 Ra1+ 40. Kh2
Bg6 41. b3 Bxf6 42. Qxg6+ Kf8 43. Qxf6+ Qf7 44. Qxa1 Qf4+ 45. Kh1 Qh4+ 46. Kg1
e3 47. Qa8+ Kg7 48. Qxb7+ 1-0

[Event "International Championship of Central S"]
[Site "Paracin"]
[Date "2014.07.10"]
[Round "8.42"]
[White "Marjanovics, Annamaria"]
[Black "Tomic, Aleksandar"]
[Result "1-0"]
[WhiteElo "2051"]
[BlackElo "2019"]
[PlyCount "67"]
[EventDate "2014.07.04"]

1. d4 Nf6 2. c4 c5 3. d5 e6 4. Nc3 exd5 5. cxd5 d6 6. g3 g6 7. Nf3 Bg7 8. Bg2
O-O 9. O-O Re8 10. h3 Ne4 11. Nxe4 Rxe4 12. Nd2 Re8 13. a4 b6 14. Re1 Nd7 15.
Nc4 Ne5 16. Nxe5 Bxe5 17. Qc2 Bf5 18. e4 Bd7 19. f4 Bg7 20. Qc4 f5 21. e5 dxe5
22. fxe5 Bxe5 23. Rxe5 Rxe5 24. d6+ Be6 25. Qc3 Re2 26. Bh6 Rxg2+ 27. Kxg2 Bd5+
28. Kg1 Qd7 29. Re1 Be4 30. g4 Re8 31. gxf5 gxf5 32. Kf2 Re6 33. Rg1+ Rg6 34.
Qf6 1-0

[Event "International Championship of Central S"]
[Site "Paracin"]
[Date "2014.07.10"]
[Round "8.43"]
[White "Magnusson, Roger"]
[Black "Stojkovska, Monika"]
[Result "0-1"]
[WhiteElo "2000"]
[BlackElo "2040"]
[PlyCount "74"]
[EventDate "2014.07.04"]

1. d4 Nf6 2. Nc3 d5 3. Bf4 c6 4. e3 Bf5 5. Nf3 e6 6. Ne5 Nbd7 7. g4 Bg6 8. h4
Qb6 9. Rb1 Nxe5 10. dxe5 Nxg4 11. Qxg4 Bxc2 12. Qe2 Bxb1 13. Nxb1 Bb4+ 14. Kd1
O-O-O 15. Qd3 d4 16. e4 Be7 17. b3 Qa5 18. a4 Bb4 19. Rg1 Rhg8 20. Be2 Qc5 21.
Bh5 Qe7 22. Bg5 f6 23. Bf4 Qd7 24. Bg4 Rge8 25. Bh3 Qf7 26. f3 Bf8 27. Ke2 Qh5
28. exf6 gxf6 29. Rc1 c5 30. Bg4 Qxh4 31. Qb5 d3+ 32. Ke3 Rd7 33. a5 f5 34. a6
b6 35. b4 Bh6 36. Nc3 Bxf4+ 37. Kxf4 Qh2+ 0-1

[Event "International Championship of Central S"]
[Site "Paracin"]
[Date "2014.07.10"]
[Round "8.44"]
[White "Zlatanovic, Zoran"]
[Black "Brkic, Toma"]
[Result "1-0"]
[WhiteElo "2188"]
[BlackElo "2111"]
[PlyCount "134"]
[EventDate "2014.07.04"]

1. e4 c5 2. Nf3 e6 3. d4 cxd4 4. Nxd4 a6 5. Nd2 Qc7 6. g3 b5 7. Bg2 Bb7 8. O-O
Nf6 9. a4 b4 10. Re1 Nc6 11. Nc4 d6 12. a5 Be7 13. b3 O-O 14. Bb2 Rad8 15. Nxc6
Bxc6 16. Nb6 d5 17. exd5 Bxd5 18. Bxd5 Nxd5 19. Be5 Qc6 20. Qe2 Bc5 21. Nc4 f6
22. Bb2 e5 23. Qe4 Qc7 24. Rad1 Ne7 25. Kg2 Kh8 26. c3 Nc6 27. cxb4 Bxb4 28.
Rxd8 Rxd8 29. Rc1 Nd4 30. Bxd4 exd4 31. Rd1 Bc3 32. Rd3 h6 33. h4 Qc5 34. Qb7
Bxa5 35. Qxa6 Qd5+ 36. Kg1 Bc3 37. Nd2 Ra8 38. Qc4 Qb7 39. Nb1 Ra1 40. Rd1 Qf3
41. Nxc3 Rxd1+ 42. Nxd1 Qxd1+ 43. Kg2 d3 44. Qc8+ Kh7 45. Qf5+ Kg8 46. Qc8+ Kf7
47. h5 Qxb3 48. Qd7+ Kg8 49. Qe8+ Kh7 50. Qg6+ Kh8 51. Qe8+ Qg8 52. Qxg8+ Kxg8
53. Kf3 Kf7 54. Ke3 d2 55. Kxd2 Ke6 56. Ke3 Kf5 57. f3 Kg5 58. Ke4 f5+ 59. Ke5
f4 60. g4 g6 61. hxg6 Kxg6 62. Kxf4 Kf6 63. Kg3 h5 64. gxh5 Kg5 65. h6 Kxh6 66.
Kf4 Kg6 67. Ke5 Kf7 1-0

[Event "International Championship of Central S"]
[Site "Paracin"]
[Date "2014.07.10"]
[Round "8.45"]
[White "Soilemetzidis, Konstantinos"]
[Black "Popchev, Milko"]
[Result "1-0"]
[WhiteElo "1909"]
[BlackElo "2331"]
[PlyCount "63"]
[EventDate "2014.07.04"]

1. e4 e5 2. Nf3 Nf6 3. Nc3 Bb4 4. Nxe5 Bxc3 5. dxc3 Qe7 6. Nf3 Nxe4 7. Be2 O-O
8. O-O b6 9. Re1 Bb7 10. Bd3 f5 11. Bf4 d5 12. c4 dxc4 13. Bxc4+ Kh8 14. Ng5
Nc6 15. Nxh7 Qh4 16. Nxf8 Rxf8 17. Re3 Ne5 18. Rh3 Qxh3 19. gxh3 Nxc4 20. Qd4
Ncd6 21. Re1 Rf6 22. f3 Rg6+ 23. Bg3 Nxg3 24. hxg3 Rxg3+ 25. Kf2 Rxf3+ 26. Ke2
Rxh3 27. Rg1 Bf3+ 28. Ke1 Bg4 29. Qd5 Rh2 30. Rh1 Rxh1+ 31. Qxh1+ Kg8 32. Qc6
1-0